| 000 | 00376nam a2200145Ia 4500 | ||
|---|---|---|---|
| 005 | 20260328104318.0 | ||
| 008 | 260328s9999||||xx |||||||||||||| ||und|| | ||
| 100 | _aFriedman, Avi | ||
| 245 | 0 |
_aInnovative Houses : _b Concepts for Sustainable Living. / _cAvi Friedman |
|
| 250 | _a Ilustrado | ||
| 260 | _bLaurence King | ||
| 300 | _a254 p. | ||
| 650 | _aPLANOS | ||
| 942 | _cBK | ||
| 999 |
_c11249 _d11249 |
||